000 00632nam a2200181 a 4500
001 000042544
005 20201002040226.0
008 131211s1971 ve 001 0 spa d
040 _aDO-SdBNP
_bspa
_cBNPHU
082 _axxx
_bxxx
100 1 _aKowalewski, Zbigniew Marcin
_969782
245 1 0 _aAntropología de la Guerrilla :
_b(hacia la ciencia social del tercer mundo) /
_cZbigniew Marcin Kowalewski; Miguel Sobrado Chaves.
260 _aCaracas, Venezuela :
_bNueva Izquierda,
_c1971.
300 _a118 p. ;
_c20 cm.
490 1 _amonografías
_v17
700 1 2 _aSobrado Chaves, Miguel
_969783
830 0 _amonografías
_n17
_968218
999 _c42033
_d42033